Koncepcia rozvoja školy a školského zariadenia

Bibliographic Details
Main Authors: Böhmerová, Anna (Author), Stanislavová, Mária (Author)
Format: Book
Language:Slovak
PhysicalDescription:78 strán formuláre, tabuľky 21 cm
Published: Bratislava Wolters Kluwer 2022
ISBN:9788057105237
9788057105244
Edition:3. vydanie
Series:Školstvo
Subjects:

MARC

LEADER 00000cam a2200000 4500
001 vtls012158718
003 SK-MaSNL
005 20260426010806.0
008 230119s2022 xo kl frfn 000 0 slo
020 |a 9788057105237  |q (brožované) 
020 |a 9788057105244  |q (pdf) 
040 |a SNK  |b slo  |c SNK  |e rda 
041 0 |a slo 
043 |a e-xo--- 
044 |a xo  |c SK 
072 7 |a 371  |x Školstvo (organizácia)  |2 konspekt 
080 |a 373/378  |2 2011 
080 |a 342.537.3/.5  |2 2011 
080 |a 347.454  |2 2011 
080 |a 005.742-057.17  |2 2011 
080 |a (437.6)  |2 2011 
080 |a (072)  |2 2011 
100 1 |a Böhmerová, Anna  |4 aut  |9 506130 
245 1 0 |a Koncepcia rozvoja školy a školského zariadenia  |c Anna Böhmerová, Mária Stanislavová 
250 |a 3. vydanie 
264 1 |a Bratislava  |b Wolters Kluwer  |c 2022 
300 |a 78 strán  |b formuláre, tabuľky  |c 21 cm 
336 |a text  |b txt  |2 rdacontent 
337 |a bez média  |b n  |2 rdamedia 
338 |a zväzok  |b nc  |2 rdacarrier 
490 1 |a Školstvo 
504 |a Obsahuje bibliografiu na strane 78 
650 0 7 |a školy  |2 SNKPH  |9 1276 
650 0 7 |a legislatíva  |2 SNKPH  |9 121217 
650 0 7 |a výberové konania  |2 SNKPH  |9 73005 
650 0 7 |a Schools  |2 SNKPHeng  |9 274711 
650 0 7 |a Legislation  |2 SNKPHeng  |9 268421 
650 0 7 |a Invitations to tender  |2 SNKPHeng  |9 419790 
650 0 7 |a Managers  |2 SNKPHeng  |9 265343 
650 0 7 |a vedúci pracovníci  |2 SNKPH  |9 59720 
651 7 |a Slovensko  |2 SNKPHgeo  |9 14231 
651 7 |a Slovakia  |2 SNKPHeng  |9 92630 
655 7 |a metodické príručky  |2 SNKPH  |9 70250 
655 7 |a Methodological manuals  |2 SNKPHeng  |9 270866 
700 1 |a Stanislavová, Mária  |4 aut  |9 346804 
830 0 |a Školstvo  |9 424631 
919 |a 978-80-571-0523-7 
919 |a 978-80-571-0524-4 
954 |a odborná, vedecká literatúra pôvodná (slovenská)  |2 lita 
958 |a NB 
999 |c 1044608  |d 1046538 
952 |a SNK  |b SNK  |y VYP  |7 0  |p 17A1478857  |o snkSC 200485 D1  |i snk2023/7150  |8 3  |g 10.00  |0 0  |1 0  |4 0  |d 2023-05-04  |l 0  |r 2026-02-24 14:35:51  |w 2026-02-24 
952 |a SNK  |b SNK  |y PREZ  |7 0  |p 17A1517455  |o snkSC 200485  |i snk2023/1058  |8 0  |0 0  |1 0  |4 0  |d 2023-01-19  |l 0  |r 2025-10-23 00:00:00  |w 2026-02-24